10396nam a22011777a 450000500170000000800410001702000180005802000150007604100080009108000100009910000230010924500310013225000120016326000360017530000300021150500240024163000110026565000160027665000210029294200120031399900130032595201000033895201120043895201120055095201120066295201120077495201120088695201120099895201120111095201120122295201120133495201120144695201120155895201120167095201120178295201120189495201120200695201120211895201120223095201120234295201120245495201120256695201120267895201120279095201120290295201120301495201120312695201120323895201120335095201120346295201120357495201120368695201120379895201120391095201120402295201120413495201120424695201120435895201120447095201130458295201130469595201130480895201130492195201130503495201130514795201130526095201130537395201130548695201130559995201130571295201130582595201130593895201130605195201130616495201130627795201130639095201130650395201130661695201130672995201130684295201130695595201130706895201130718195201130729495201130740795201130752095201130763395201130774695201130785995201130797295201130808595201130819895201130831195201130842495201130853795201130865095201130876395201140887695201140899095201140910420160125110204.0071025s2008 nyua 001 0 eng  a9780071492478 a007149247X0 aeng a004.21 aPetersen, Richard,10aLinux :cRichard Petersen. a6th ed. aNew York :bMcGraw-Hill,c2008. a830 f. :bme il.;c24 cm. aIndex: f. 787 - 83000aLinux. 0aKompjuterat 0aSistemi operativ 2udccBK c569d569 00102udc40708PËKGa002b002cPËKGd2015-03-27l0o004.2 PETp002-015593r2015-03-27yBK 00102udc40708PËKGa002b002cPËKGd2016-02-24l0o004.2 PETp002-018212r2016-02-24w2016-02-24yBK 00102udc40708PËKGa002b002cPËKGd2016-02-24l0o004.2 PETp002-018213r2016-02-24w2016-02-24yBK 00102udc40708PËKGa002b002cPËKGd2016-02-24l0o004.2 PETp002-018219r2016-02-24w2016-02-24yBK 00102udc40708PËKGa002b002cPËKGd2016-02-24l0o004.2 PETp002-018220r2016-02-24w2016-02-24yBK 00102udc40708PËKGa002b002cPËKGd2016-02-24l0o004.2 PETp002-018221r2016-02-24w2016-02-24yBK 00102udc40708PËKGa002b002cPËKGd2016-02-24l0o004.2 PETp002-018222r2016-02-24w2016-02-24yBK 00102udc40708PËKGa002b002cPËKGd2016-02-24l0o004.2 PETp002-018223r2016-02-24w2016-02-24yBK 00102udc40708PËKGa002b002cPËKGd2016-02-24l0o004.2 PETp002-018224r2016-02-24w2016-02-24yBK 00102udc40708PËKGa002b002cPËKGd2016-02-24l0o004.2 PETp002-018225r2016-02-24w2016-02-24yBK 00102udc40708PËKGa002b002cPËKGd2016-02-24l0o004.2 PETp002-018226r2016-02-24w2016-02-24yBK 00102udc40708PËKGa002b002cPËKGd2016-02-24l0o004.2 PETp002-018227r2016-02-24w2016-02-24yBK 00102udc40708PËKGa002b002cPËKGd2016-02-24l0o004.2 PETp002-018228r2016-02-24w2016-02-24yBK 00102udc40708PËKGa002b002cPËKGd2016-02-24l0o004.2 PETp002-018229r2016-02-24w2016-02-24yBK 00102udc40708PËKGa002b002cPËKGd2016-02-24l0o004.2 PETp002-018230r2016-02-24w2016-02-24yBK 00102udc40708PËKGa002b002cPËKGd2016-02-24l0o004.2 PETp002-018231r2016-02-24w2016-02-24yBK 00102udc40708PËKGa002b002cPËKGd2016-02-24l0o004.2 PETp002-018232r2016-02-24w2016-02-24yBK 00102udc40708PËKGa002b002cPËKGd2016-02-24l0o004.2 PETp002-018233r2016-02-24w2016-02-24yBK 00102udc40708PËKGa002b002cPËKGd2016-02-24l0o004.2 PETp002-018234r2016-02-24w2016-02-24yBK 00102udc40708PËKGa002b002cPËKGd2016-02-24l0o004.2 PETp002-018235r2016-02-24w2016-02-24yBK 00102udc40708PËKGa002b002cPËKGd2016-02-24l0o004.2 PETp002-018236r2016-02-24w2016-02-24yBK 00102udc40708PËKGa002b002cPËKGd2016-02-24l0o004.2 PETp002-018237r2016-02-24w2016-02-24yBK 00102udc40708PËKGa002b002cPËKGd2016-02-24l0o004.2 PETp002-018238r2016-02-24w2016-02-24yBK 00102udc40708PËKGa002b002cPËKGd2016-02-24l0o004.2 PETp002-018239r2016-02-24w2016-02-24yBK 00102udc40708PËKGa002b002cPËKGd2016-02-24l0o004.2 PETp002-018240r2016-02-24w2016-02-24yBK 00102udc40708PËKGa002b002cPËKGd2016-02-24l0o004.2 PETp002-018241r2016-02-24w2016-02-24yBK 00102udc40708PËKGa002b002cPËKGd2016-02-24l0o004.2 PETp002-018242r2016-02-24w2016-02-24yBK 00102udc40708PËKGa002b002cPËKGd2016-02-24l0o004.2 PETp002-018243r2016-02-24w2016-02-24yBK 00102udc40708PËKGa002b002cPËKGd2016-02-24l0o004.2 PETp002-018244r2016-02-24w2016-02-24yBK 00102udc40708PËKGa002b002cPËKGd2016-02-24l0o004.2 PETp002-018245r2016-02-24w2016-02-24yBK 00102udc40708PËKGa002b002cPËKGd2016-02-24l0o004.2 PETp002-018246r2016-02-24w2016-02-24yBK 00102udc40708PËKGa002b002cPËKGd2016-02-24l0o004.2 PETp002-018247r2016-02-24w2016-02-24yBK 00102udc40708PËKGa002b002cPËKGd2016-02-24l0o004.2 PETp002-018248r2016-02-24w2016-02-24yBK 00102udc40708PËKGa002b002cPËKGd2016-02-24l0o004.2 PETp002-018249r2016-02-24w2016-02-24yBK 00102udc40708PËKGa002b002cPËKGd2016-02-24l0o004.2 PETp002-018250r2017-08-08w2016-02-24yBK 00102udc40708PËKGa002b002cPËKGd2016-02-24l0o004.2 PETp002-018251r2016-02-24w2016-02-24yBK 00102udc40708PËKGa002b002cPËKGd2016-02-24l0o004.2 PETp002-018252r2016-02-24w2016-02-24yBK 00102udc40708PËKGa002b002cPËKGd2016-02-24l0o004.2 PETp002-018253r2016-02-24w2016-02-24yBK 00102udc40708PËKGa002b002cPËKGd2016-03-01l0o004.2 PET p002-021039r2016-03-01w2016-03-01yBK 00102udc40708PËKGa002b002cPËKGd2016-03-01l0o004.2 PET p002-021040r2016-03-01w2016-03-01yBK 00102udc40708PËKGa002b002cPËKGd2016-03-01l0o004.2 PET p002-021041r2016-03-01w2016-03-01yBK 00102udc40708PËKGa002b002cPËKGd2016-03-01l0o004.2 PET p002-021328r2016-03-01w2016-03-01yBK 00102udc40708PËKGa002b002cPËKGd2016-03-01l0o004.2 PET p002-021329r2016-03-01w2016-03-01yBK 00102udc40708PËKGa002b002cPËKGd2016-03-01l0o004.2 PET p002-021330r2016-03-01w2016-03-01yBK 00102udc40708PËKGa002b002cPËKGd2016-03-01l0o004.2 PET p002-021331r2016-03-01w2016-03-01yBK 00102udc40708PËKGa002b002cPËKGd2016-03-01l0o004.2 PET p002-021332r2016-03-01w2016-03-01yBK 00102udc40708PËKGa002b002cPËKGd2016-03-01l0o004.2 PET p002-021333r2016-03-01w2016-03-01yBK 00102udc40708PËKGa002b002cPËKGd2016-03-01l0o004.2 PET p002-021334r2016-03-01w2016-03-01yBK 00102udc40708PËKGa002b002cPËKGd2016-03-01l0o004.2 PET p002-021335r2016-03-01w2016-03-01yBK 00102udc40708PËKGa002b002cPËKGd2016-03-01l0o004.2 PET p002-021336r2016-03-01w2016-03-01yBK 00102udc40708PËKGa002b002cPËKGd2016-03-01l0o004.2 PET p002-021337r2016-03-01w2016-03-01yBK 00102udc40708PËKGa002b002cPËKGd2016-03-01l0o004.2 PET p002-021338r2016-03-01w2016-03-01yBK 00102udc40708PËKGa002b002cPËKGd2016-03-01l0o004.2 PET p002-021339r2016-03-01w2016-03-01yBK 00102udc40708PËKGa002b002cPËKGd2016-03-01l0o004.2 PET p002-021340r2016-03-01w2016-03-01yBK 00102udc40708PËKGa002b002cPËKGd2016-03-01l0o004.2 PET p002-021341r2016-03-01w2016-03-01yBK 00102udc40708PËKGa002b002cPËKGd2016-03-01l0o004.2 PET p002-021342r2016-03-01w2016-03-01yBK 00102udc40708PËKGa002b002cPËKGd2016-03-01l0o004.2 PET p002-021343r2016-03-01w2016-03-01yBK 00102udc40708PËKGa002b002cPËKGd2016-03-01l0o004.2 PET p002-021344r2016-03-01w2016-03-01yBK 00102udc40708PËKGa002b002cPËKGd2016-03-01l0o004.2 PET p002-021345r2016-03-01w2016-03-01yBK 00102udc40708PËKGa002b002cPËKGd2016-03-01l0o004.2 PET p002-021346r2016-03-01w2016-03-01yBK 00102udc40708PËKGa002b002cPËKGd2016-03-01l0o004.2 PET p002-021347r2016-03-01w2016-03-01yBK 00102udc40708PËKGa002b002cPËKGd2016-03-01l0o004.2 PET p002-021348r2016-03-01w2016-03-01yBK 00102udc40708PËKGa002b002cPËKGd2016-03-01l0o004.2 PET p002-021349r2016-03-01w2016-03-01yBK 00102udc40708PËKGa002b002cPËKGd2016-03-01l0o004.2 PET p002-021350r2016-03-01w2016-03-01yBK 00102udc40708PËKGa002b002cPËKGd2016-03-01l0o004.2 PET p002-021351r2016-03-01w2016-03-01yBK 00102udc40708PËKGa002b002cPËKGd2016-03-01l0o004.2 PET p002-021352r2016-03-01w2016-03-01yBK 00102udc40708PËKGa002b002cPËKGd2016-03-01l0o004.2 PET p002-021353r2016-03-01w2016-03-01yBK 00102udc40708PËKGa002b002cPËKGd2016-03-01l0o004.2 PET p002-021354r2016-03-01w2016-03-01yBK 00102udc40708PËKGa002b002cPËKGd2016-03-01l0o004.2 PET p002-021355r2016-03-01w2016-03-01yBK 00102udc40708PËKGa002b002cPËKGd2016-03-01l0o004.2 PET p002-021356r2016-03-01w2016-03-01yBK 00102udc40708PËKGa002b002cPËKGd2016-03-01l0o004.2 PET p002-021357r2016-03-01w2016-03-01yBK 00102udc40708PËKGa002b002cPËKGd2016-03-01l0o004.2 PET p002-021358r2016-03-01w2016-03-01yBK 00102udc40708PËKGa002b002cPËKGd2016-03-01l0o004.2 PET p002-021359r2016-03-01w2016-03-01yBK 00102udc40708PËKGa002b002cPËKGd2016-03-01l0o004.2 PET p002-021360r2016-03-01w2016-03-01yBK 00102udc40708PËKGa002b002cPËKGd2016-03-01l0o004.2 PET p002-021361r2016-03-01w2016-03-01yBK 00102udc40708PËKGa002b002cPËKGd2016-03-01l0o004.2 PET p002-021362r2016-03-01w2016-03-01yBK 00102udc40708PËKGa002b002cPËKGd2017-08-08l0o004.2 PET p002-2912967r2017-08-08w2017-08-08yBK 00102udc40708PËKGa002b002cPËKGd2017-08-08l0o004.2 PET p002-2912962r2017-08-08w2017-08-08yBK 00102udc40708PËKGa002b002cPËKGd2017-08-08l0o004.2 PET p002-2912957r2017-08-08w2017-08-08yBK